Máximos goleadores de las Top 5 Ligas 23/24 - Estadísticas

Estadísticas generales
  • Esta prueba ha sido intentada 290 veces
  • La puntuación promedio es 12 de 15
Estadísticas de respuestas
Nacionalidad Equipo Goles Jugador % Correcto
Inglaterra Bayern Múnich 36 Harry Kane
100%
Francia PSG 27 Kylian Mbappé
98%
Noruega Manchester City 27 Erling Haaland
96%
Argentina Inter Milan 24 Lautaro Martínez
94%
Inglaterra Real Madrid 19 Jude Bellingham
93%
Suecia Newcastle Utd. 21 Alexander Isak
89%
Polonia FC Barcelona 19 Robert Lewandowski
89%
Inglaterra Manchester City 19 Phil Foden
88%
Noruega Villarreal CF 23 Alexander Sorloth
87%
Inglaterra Chelsea FC 22 Cole Palmer
85%
Canadá LOSC Lille 19 Jonathan David
78%
Inglaterra Aston Villa 19 Ollie Watkins
72%
Bélgica RB Leipzig 24 LoÏs Openda
68%
Francia Stuttgart 28 Serhou Guirassy
58%
Ucrania Girona FC 24 Artem Dobyk
47%
No se encontraron pruebas coincidentes
Distribución de puntuación
Porcentaje de gente con cada puntuación
Porcentaje por número respondido
Historial de tus puntuaciones
No has intentado esta prueba.